Online
Catalog
Normal view MARC view

Entry Nombre de reunión

Number of records used in: 1

001 - NÚMERO DE CONTROL

  • campo de control: 18744

003 - IDENTIFICADOR DEL NÚMERO DE CONTROL

  • campo de control: OSt

005 - FECHA Y HORA DE LA ÚLTIMA TRANSACCIÓN

  • campo de control: 20200615032639.0

008 - DATOS DE LONGITUD FIJA

  • campo de control de longitud fija: 200615|| aca||aabn | a|a d

040 ## - FUENTE DE LA CATALOGACIÓN

  • Centro catalogador/agencia de origen: OSt
  • Centro/agencia transcriptor: OSt

111 ## - ENCABEZAMIENTO--NOMBRE DE CONGRESO/REUNIÓN

  • Nombre de congreso/reunión o jurisdicción como elemento de entrada: [Seminario ¨TLC y GATT: su impacto sobre la República Dominicana¨
  • Fecha del congreso/reunión: (1993 Febr. 2 :
  • Sede del congreso/Lugar de la reunión: Santo Domingo, República Dominicana)]

670 ## - FUENTE DE DATOS ENCONTRADOS

  • Cita de la fuente: Work cat.: (OSt)6521: [Seminario ¨TLC y GATT: su impacto sobre la República Dominicana¨ (1993 Febr. 2 : Santo Domingo, República Dominicana)], Ponencias y conclusiones de un seminario., 1995?.

Powered by Koha